000 00751nam a2200253Ia 4500
003 OSt
005 20220923224753.0
006 a|||||r|||| 00| 0
007 ta
008 220922b |||||||| |||| 00| 0 hin d
024 _a249,924
037 _cTextual
040 _aARTS
_cARTS
_bhin
041 _2hin
_ahin
082 _aO152,1:g(P), H9;M9
100 _aपोहार
245 0 _aकाव्य कल्पद्रुम
246 _aKāvya kalpadruma
260 _aपटना
_b अनुपम प्रकाशन
_c1989
300 _a323पृ.
_ccm.
650 _aहिन्दी साहित्य
_9156264
942 _hO152,1:g(P), H9;M9
_cTEXL
_2CC
999 _c373546
_d373546